000 00570nam a2200217Ia 4500
005 20241129120204.0
008 241129s9999||||xx |||||||||||||| ||und||
020 _a9789385436024
037 _aTB
040 _aSDCL
_beng
_cSDCL
041 _aeng
_2eng
084 _aG:527, Q4
_qSDCL
100 _aKolbert Elizabeth
_9729376
245 4 _aThe Sixth Extinction: An Unnatural History
260 _aNew Delhi
_bBloomsbury
_c2014
300 _a319p.
365 _aINR
_b599
650 _aReference
942 _cTB
_hG:527, Q4
999 _c1233727
_d1233727